000 01053cam a2200265 i 4500
003 SA-RiAUC
005 20250710144954.0
008 250710s1995 su g 000 j ara c
020 _a996079508X
040 _aSA-RiAUC
_bara
_cSA-RiAUC
_erda
043 _aa-su----
082 0 4 _a813.03
_qSA-RiAUC
090 _a813.03
_bظ ا هـ
100 1 _aالظاهري، أبو عبد الرحمن بن عقيل،
_d1357 هجري-
_eمؤلف.
245 1 0 _aمن هموم القرية :
_bأربع قصص من البيئة النجدية /
_cأبو عبد الرحمن بن عقيل الظاهري.
250 _aالطبعة الأولى.
264 1 _aالرياض :
_bدار ابن حزم للنشر والتوزيع،
_c1995
300 _a43 صفحة ؛
_c21 سم
336 _aنص
_btxt
_2rdacontent
_3كتاب
337 _aبدون وسيط
_bn
_2rdamedia
338 _aمجلد
_bnc
_2rdacarrier
650 7 _aالقصص العربية
_zالسعودية
_yقرن 15 هجري
_2aucsh
942 _2ddc
_cBOOK
_n0
949 _aSA-JeALM
_d250710
_uosman123
_n1
999 _c9752
_d9752